• 首页
  • 本馆介绍
  • 公告通知
  • 最新文献
  • 馆藏检索
  • 电子资源
  • 读者导购
  • 参考咨询
  • 我的图书馆
  • 登录
  • 详细信息显示
  • 放入我的书架
  • 预约/预借图书
  • 作者相关作品
  • 分类相关作品
  • 丛书相关作品
  • 出版社相关作品

书目信息

  • 表格格式
  • 工作单格式
  • 卡片格式
题名:
生物学与量子力学
    
 
作者: 达维多夫 著 ;李培廉 译
分册:  
出版信息: 北京   科学出版社  1990
页数: 320页
开本: 19cm
丛书名:
单 册:
中图分类: Q6
科图分类:
主题词: 生物物理学
电子资源:
ISBN: 7-03-001673-4
000 00606nam0 2200205 45
001 0406291744
005 20040629172708.4
010    @a7-03-001673-4@dCNY10.30
100    @a20040629d1990 km y0chiy0120 ea
101 0  @achi@crus
105    @a z 000yy
200 1  @a生物学与量子力学@ASheng Wu Xue Yu Liang Zi Li Xue@f(苏)A.C.达维多夫著@F(Su)A.C.Da Wei Duo Fu Zhu@g李培廉等译
210    @a北京@c科学出版社@d1990
215    @a320页@d19cm
606 0  @a生物物理学
690    @aQ6@v3
701  0 @a达维多夫@4著
702  0 @a李培廉@ALi Pei Lian@4译
801    @aCN@bTSTCL@c20040629
905    @f1@b231760@dQ6@e16
    
    生物学与量子力学/(苏)A.C.达维多夫著/李培廉等译.-北京:科学出版社,1990
    320页;19cm
    
    
    ISBN 7-03-001673-4:CNY10.30
    
●
相关链接 在E读中查询图书 在五车中查询图书 在当当中查询图书 在豆瓣中查询图书


正题名:生物学与量子力学     索取号:Q6/16         预约/预借

序号 登录号 条形码 馆藏地/架位号 状态 备注
1 0231760   001934214   第三借阅区/ [索取号:Q6/16] 在馆    
2 0231761   000703545   第二样本阅览室/ [索取号:Q6/16] 在馆    
唐山师范学院图书馆 欢迎您!
大连网信软件有限公司© 版权所有